| 000 | 00789nam a22002417a 4500 | ||
|---|---|---|---|
| 999 |
_c9212 _d9212 |
||
| 003 | AR-CdUCM | ||
| 008 | 190327b ||||| |||| 00| 0 spa d | ||
| 040 |
_aMUNICIPALIDAD PROVINCIAL DEL CUSCO _cBIBLIOTECA MUNICIPAL DEL CUSCO |
||
| 082 |
_a907.4 / _bZ75 |
||
| 100 |
_aZevallos Vera, Manuel _914975 |
||
| 245 | _aCrítica Histórica y Educación Social / | ||
| 260 |
_aArequipa : _bUniversitaria, _c1959. |
||
| 300 |
_a185 paginas ; _c22 cm. |
||
| 500 | _aDonación de la familia Nieto Dedicatoria a Luis Nieto | ||
| 505 | _aContenido: Historia -- Critica -- Cultura -- educacion social... | ||
| 650 |
_aHistoria _9136 |
||
| 650 |
_aLiteratura _983 |
||
| 650 |
_aHistorico - social _925279 |
||
| 650 |
_aPerú _935 |
||
| 650 |
_aCultura _9126 |
||
| 942 |
_2ddc _cLIBROS |
||
| 945 | _apjha | ||